Machine learning and its application to reacting flows : (Record no. 171587)

MARC details
000 -LEADER
fixed length control field 00926nam a22002537a 4500
003 - CONTROL NUMBER IDENTIFIER
control field OSt
005 - DATE AND TIME OF LATEST TRANSACTION
control field 20250410151021.0
008 - FIXED-LENGTH DATA ELEMENTS--GENERAL INFORMATION
fixed length control field 250410b |||||||| |||| 00| 0 eng d
020 ## - INTERNATIONAL STANDARD BOOK NUMBER
International Standard Book Number 9783031162473 (hardcover)
040 ## - CATALOGING SOURCE
Original cataloging agency NUST
Language of cataloging eng
Transcribing agency NUST
Modifying agency NUST
Description conventions rda
050 ## - LIBRARY OF CONGRESS CALL NUMBER
Classification number TJ254.5 MAC
245 ## - TITLE STATEMENT
Title Machine learning and its application to reacting flows :
Remainder of title ML and combustion /
Statement of responsibility, etc. Nedunchezhian Swaminathan and Alessandro Parente.
260 ## - PUBLICATION, DISTRIBUTION, ETC.
Place of publication, distribution, etc. Cham :
Name of publisher, distributor, etc. Springer,
Date of publication, distribution, etc. 2023.
336 ## - CONTENT TYPE
Source rdamedia
Content type term text
Content type code txt
337 ## - MEDIA TYPE
Source rdamedia
Media type term unmediated
Media type code n
338 ## - CARRIER TYPE
Source rdamedia
Carrier type term volume
Carrier type code nc
504 ## - BIBLIOGRAPHY, ETC. NOTE
Bibliography, etc. note Includes bibliographical references and index.
650 ## - SUBJECT ADDED ENTRY--TOPICAL TERM
Form subdivision Combustion -- Data processing.
650 ## - SUBJECT ADDED ENTRY--TOPICAL TERM
Form subdivision Machine learning.
650 ## - SUBJECT ADDED ENTRY--TOPICAL TERM
Form subdivision Turbulence -- Data processing.
700 ## - ADDED ENTRY--PERSONAL NAME
Personal name Swaminathan, Nedunchezhian
Relator term Editor
700 ## - ADDED ENTRY--PERSONAL NAME
Personal name Parente, Alessandro
Relator term Editor
942 ## - ADDED ENTRY ELEMENTS (KOHA)
Source of classification or shelving scheme Library of Congress Classification
Koha item type Ordinary Loan Books
Classification part TJ254.5 MAC
Call number prefix TJ
Call number suffix MAC
Suppress in OPAC No
Holdings
Withdrawn status Lost status Source of classification or shelving scheme Damaged status Not for loan Collection Home library Current library Shelving location Date acquired Source of acquisition Cost, normal purchase price Total Checkouts Full call number Barcode Date last seen Accession number Cost, replacement price Price effective from Koha item type Public note
    LCC     NFIC MAIN MAIN GEN 04/10/2025 Book Aid International 45.00   TJ254.5 MAC 92004054596 04/10/2025 61547 45.00 04/10/2025 BOOKS Donation